000 04478nam a2200433Ka 4500
001 bslw06338948
003 UtOrBLW
005 20210303085412.0
006 m d
007 cr un|||||||||
008 101115s2003 enk o 001 0 eng d
020 _a9781849501798 (electronic bk.) :
_c£67.95 ; €98.95 ; $125.95
040 _aUtOrBLW
_cUtOrBLW
050 4 _aHD62.4
_b.M85 2003
072 7 _aKJVG
_2bicssc
072 7 _aJFFS
_2bicssc
072 7 _aBUS041000
_2bisacsh
072 7 _aBUS069000
_2bisacsh
080 _a005.71
082 0 4 _a658.049
_222
245 0 0 _aMultinationals, environment and global competition
_h[electronic resource] /
_cedited by Sarianna M. Lundan.
260 _aBingley, U.K. :
_bEmerald,
_c2003.
300 _a1 online resource (xi, 222 p.).
490 1 _aResearch in global strategic management,
_x1064-4857 ;
_vv. 9
500 _aIncludes index.
505 0 _aMultinationals, environment and global competition : a conceptual framework / Sarianna M. Lundan -- Degree of internationalization and environmental performance : evidence from U.S. multinationals / James J. Kennelly, Eric E Lewis -- Environmental strategy choice and financial profitability : differences between multinationals and domestic firms in Belgium / Kristel Buysse, Alain Verbeke -- Environmental aspects of Danish foreign direct investment in developing countries : the role of home country factors in shaping the global environmental practices of Danish multinationals / Michael W. Hansen -- Internationalization and environmental reporting : the green face of the worlds leading multinationals / Ans Kolk, Rob van Tulder -- Environmental self-regulation in the global economy : the role of firm capabilities / Petra Christmann, Glen Taylor -- Multinationals, NGOs and regulation : greenpeace and the global phase-out of chlorine bleaching / Sarianna M. Lundan -- Multinationals and global climate change : issues for the automotive and oil industries / Ans Kolk, David Levy -- Multinationals, the environment and the WTO : issues in the environmental goods and services sector and in climate change mitigation / Thomas L. Brewer.
520 _aThe purpose of this book is to present leading research concerning the increasing strategic importance of environmental concerns within the multinational firm, and to explore the implications of corporate environmental strategy on public policy. The contributions present empirical research that deals with the simultaneous effects of the globalization of markets and the emergence of environmental concerns as issues of corporate strategy, either using a cross-national sample of firms within a global industry, or a sample of multinationals from a particular home country. By considering the dynamics of corporate environmental behavior explicitly within the context of global markets, the book makes a unique contribution to the discussion about the impact of multinational activity. The chapters provide a rich understanding of the kinds of interactions that occur between multinationals and regulators, multinationals and non-governmental organizations, and multinationals and their customers. By explaining what motivates multinational firms to make environmental investments and to improve their environmental performance, these studies offer necessary input for the formulation of well-informed public policy. As a consequence, this book provides essential material for advanced students and decision-makers interested in the changing role of multinational enterprises in the global economy. While being of broad interest to academics in the field of international business and strategy, this volume also provides interesting results to researchers concerned with the ability of national governments to regulate multinationals, how regulation affects multinationals, and how in turn multinational conduct affects regulatory standards.
588 0 _aPrint version record
650 7 _aBusiness & Economics
_xManagement.
_2bisacsh
650 7 _aBusiness & Economics
_xEconomics
_xGeneral.
_2bisacsh
650 7 _aMultinationals.
_2bicssc
650 7 _aGlobalization.
_2bicssc
650 0 _aInternational business enterprises
_xEnvironmental aspects.
700 1 _aLundan, Sarianna M.
776 1 _z9780762309665
830 0 _aResearch in global strategic management ;
_vv. 9.
856 4 0 _uhttps://www.emerald.com/insight/publication/doi/10.1016/S1064-4857(2003)9
913 _1BMEbacklist
999 _c31983
_d31983